| 000 | 00778cam a2200217 4500 | ||
|---|---|---|---|
| 001 | WB3742-16 | ||
| 008 | 011105n2001 000 0 eng u | ||
| 035 | _a(Sirsi) u115497 | ||
| 245 | _aPrimelocation goes global | ||
| 260 | _c2001 | ||
| 490 |
_aRevolution _v31 October 2001, 12(1) |
||
| 520 | _aPropertysite Primelocation.com has relaunched its web site. For the first time the site includes international listings, along with a number of sector specific channels, which give a clearer breakdown of the types of properties listed on the site. | ||
| 590 | _aWB | ||
| 650 | _aPRIMELOCATION.COM | ||
| 650 | _aINTERNATIONAL | ||
| 650 | _aIMPROVEMENTS | ||
| 650 | _aPROPERTY LISTINGS | ||
| 650 | _aWEBSITES | ||
| 690 | _aINFORMATION TECHNOLOGY-INTERNET | ||
| 942 | _n0 | ||
| 999 |
_c68786 _d68786 |
||